书目信息 |
| 题名: |
幼儿启蒙古诗精选100首
|
|
| 作者: | ;昊福文化 册主编 | |
| 分册: | ||
| 出版信息: | 桂林 广西师范大学出版社 2016 |
|
| 页数: | 101页 | |
| 开本: | 23cm | |
| 丛书名: | ||
| 单 册: | ||
| 中图分类: | G613.2 | |
| 科图分类: | ||
| 主题词: | 古典诗歌--中国--学前教育--教学参考资料 | |
| 电子资源: | ||
| ISBN: | 978-7-5495-8207-5 | |
| 000 | 00762nam0 2200241 450 | |
| 001 | 012001005116 | |
| 005 | 20140101111315.0 | |
| 010 | @a978-7-5495-8207-5@dCNY29.80 | |
| 100 | @a20181129d2016 bemy0chiy50 ea | |
| 101 | 0 | @achi |
| 102 | @aCN@b450000 | |
| 105 | @aa z 000gy | |
| 106 | @ar | |
| 200 | 1 | @a幼儿启蒙古诗精选100首@9you er qi meng gu shi jing xuan 100 shou@f昊福文化册主编 |
| 210 | @a桂林@c广西师范大学出版社@d2016 | |
| 215 | @a101页@c彩图@d23cm@e1光盘 | |
| 300 | @a逗号经典 | |
| 300 | @a北京市绿色印刷工程——优秀青少年读物绿色印刷示范项目 | |
| 606 | 0 | @a古典诗歌@y中国@x学前教育@j教学参考资料 |
| 690 | @aG613.2@v5 | |
| 711 | 02 | @a昊福文化@9hao fu wen hua@4册主编 |
| 801 | 0 | @aCN@b江苏凤凰@c20191020 |
| 905 | @b1207402-5@dG613.2@e1001@f4 | |
| 幼儿启蒙古诗精选100首/昊福文化册主编.-桂林:广西师范大学出版社,2016 |
| 101页:彩图;23cm+1光盘 |
| 逗号经典.-北京市绿色印刷工程——优秀青少年读物绿色印刷示范项目 |
| ISBN 978-7-5495-8207-5:CNY29.80 |
| ● |
| 相关链接 |
|
|
|
|
正题名:幼儿启蒙古诗精选100首
索取号:G613.2/1001
 
预约/预借
| 序号 | 登录号 | 条形码 | 馆藏地/架位号 | 状态 | 备注 |
| 1 | 1207402 | 212074020 | 第一样本阅览室/ [索取号:G613.2/1001] | 在馆 | |
| 2 | 1207403 | 212074039 | 教育系资料室/ [索取号:G613.2/1001] | 在馆 | |
| 3 | 1207404 | 212074048 | 教育系资料室/ [索取号:G613.2/1001] | 在馆 | |
| 4 | 1207405 | 212074057 | 第四借阅区/ [索取号:G613.2/1001] | 在馆 |